zpět

Detail výsledku týmu

Oskar klub, Neratovice

Datum a čas kvízu

18.5 Celkem bodů Celkový počet nahraných bodů na tomto kvízu bez doplňovacích otázek.
6. Pořadí na kvízu Konečné umístění týmu na tomto kvízu.

Zaznamenané odpovědi

# Otázka Odpověď Body Výsledky
1. Sociální demokraté si novým šé... 1
2. Nejmladší evropský stát Kosovo... 1
3. Novou soškou lva inspirovanou... 0
4. Mimořádná valná hromada jedné... 1
5. Začátek olympijského hokejovéh... 0.5
6. Který z těchto členů skupiny P... 1
7. Kdo bývá v řecké mytologii ozn... 0
8. Který z těchto výrobků nepatří... 0
9. Orion je kosmická loď vyvíjená... 0
10. Odrůda jablek Orion byla vyšle... 1